[Event "Toronto NAYCC U14"]
[Site "Toronto"]
[Date "2013.08.18"]
[Round "8"]
[White "D'Alonzo, Joseph"]
[Black "Kong, Aaron"]
[Result "1/2-1/2"]
[WhiteElo "1228"]
[BlackElo "1154"]
[PlyCount "44"]
[EventDate "2013.08.14"]
[EventType "swiss"]
[EventRounds "9"]
[EventCountry "CAN"]
[SourceTitle "EXT 2022"]
[Source "ChessBase"]
[SourceDate "2021.10.06"]
[SourceVersion "1"]
[SourceVersionDate "2021.10.06"]
[SourceQuality "1"]

1. e4 c6 2. d4 d5 3. exd5 cxd5 4. Nf3 Nc6 5. Bd3 Bg4 6. c3 Nf6 7. 0-0 e6 8. Bf4 Bd6 9. Bxd6 Qxd6 10. Nbd2 0-0 11. Qc2 Bh5 12. Rfe1 Bg6 13. Bxg6 fxg6 14. Ne5 Nd7 15. Ndf3 Rf6 16. Re2 Qc7 17. Rae1 Rc8 18. Nxc6 Qxc6 19. Ne5 Qc7 20. Qd2 Nxe5 21. Rxe5 Qf7 22. f3 Re8 1/2-1/2

[Event "Toronto NAYCC U14"]
[Site "Toronto"]
[Date "2013.08.18"]
[Round "9"]
[White "Hua, Justin"]
[Black "D'Alonzo, Joseph"]
[Result "0-1"]
[WhiteElo "1210"]
[BlackElo "1228"]
[PlyCount "45"]
[EventDate "2013.08.14"]
[EventType "swiss"]
[EventRounds "9"]
[EventCountry "CAN"]
[SourceTitle "EXT 2022"]
[Source "ChessBase"]
[SourceDate "2021.10.06"]
[SourceVersion "1"]
[SourceVersionDate "2021.10.06"]
[SourceQuality "1"]

1. e4 e6 2. d4 d5 3. e5 c5 4. Nf3 Nc6 5. c3 Qb6 6. b3 cxd4 7. cxd4 Bb4+ 8. Bd2 Nxd4 9. Bxb4 Qxb4+ 10. Nbd2 Nxf3+ 11. Qxf3 Qd4 12. Bb5+ Bd7 13. Bxd7+ Kxd7 14. Qxf7+ Ne7 15. 0-0 Qxd2 16. Qxg7 Rac8 17. Rfd1 Qc2 18. Qh6 Qf5 19. Qe3 b6 20. Rac1 Ng6 21. Qe2 Nxe5 22. Qb5+ Ke7 23. Rc6 0-1

[Event "Toronto NAYCC U14"]
[Site "Toronto"]
[Date "2013.08.15"]
[Round "2"]
[White "D'Alonzo, Joseph"]
[Black "Aghamalian, Derick"]
[Result "0-1"]
[WhiteElo "1228"]
[BlackElo "1722"]
[PlyCount "104"]
[EventDate "2013.08.14"]
[EventType "swiss"]
[EventRounds "9"]
[EventCountry "CAN"]
[SourceTitle "EXT 2022"]
[Source "ChessBase"]
[SourceDate "2021.10.06"]
[SourceVersion "1"]
[SourceVersionDate "2021.10.06"]
[SourceQuality "1"]

1. e4 e6 2. d4 d5 3. exd5 exd5 4. Bd3 Nf6 5. Nf3 Bg4 6. h3 Bh5 7. 0-0 Be7 8. Bf4 Nbd7 9. Re1 0-0 10. Nbd2 Re8 11. Nf1 c5 12. dxc5 Bxc5 13. Ng3 Bg6 14. Bxg6 fxg6 15. Qd2 Qb6 16. c3 Bd6 17. Bxd6 Qxd6 18. Re2 Rxe2 19. Qxe2 Re8 20. Qd2 Ne5 21. Nxe5 Qxe5 22. Qd4 Qxd4 23. cxd4 Re6 24. Rc1 Rc6 25. Rxc6 bxc6 26. Kf1 Kf7 27. Ke2 Nh5 28. Nxh5 gxh5 29. Ke3 Ke6 30. Kf4 Kf6 31. h4 h6 32. a3 a5 33. b3 g5+ 34. hxg5+ hxg5+ 35. Ke3 Kf5 36. a4 Ke6 37. Kd3 Kd6 38. Kc3 c5 39. dxc5+ Kxc5 40. f3 h4 41. b4+ axb4+ 42. Kb3 d4 43. a5 d3 44. a6 Kb6 45. a7 Kxa7 46. Kb2 Kb6 47. Kc1 Kc5 48. Kd2 Kd4 49. Kc1 Kc3 50. Kd1 b3 51. Kc1 d2+ 52. Kd1 Kd3 0-1